A história de Fernão Capelo Gaivota / (Record no. 39)

MARC details
000 -LÍDER
campo de controle de tamanho fixo 01892nam a2200337 4500
001 - NÚMERO DE CONTROLE
campo de controle 39
003 - IDENTIFICADOR DO NÚMERO DE CONTROLE
campo de controle OSt
005 - DATA E HORÁRIO DA ÚLTIMA TRANSAÇÃO
campo de controle 20250528074010.0
008 - CAMPO DE DADOS FIXOS--INFORMAÇÃO GERAL
campo de controle de tamanho fixo 250121b |||||||g |||| 00| 1 eng d
040 ## - FONTE DA CATALOGAÇÃO
Idioma da catalogação por
041 ## - CÓDIGO DE IDIOMA
Código do idioma do original e/ou traduções intermediárias do texto eng
Código do idioma do texto/trilha sonora ou título diferente por
082 ## - CDD - CLASSIFICAÇÃO DECIMAL DE DEWEY
Número de Classificação 813
Número do exemplar B118h
100 1# - ENTRADA PRINCIPAL--NOME PESSOAL
Nome pessoal Bach, Richard,
Datas associadas ao nome 1936-
9 (RLIN) 99
240 ## - TÍTULO UNIFORME
Título uniforme Jonathan Livingston Seagull-a story
245 ## - TÍTULO
Título A história de Fernão Capelo Gaivota /
Indicação de responsabilidade, etc. Bach, Richard ; Tradução de Antonio Ramos Rosa e Madalena Rosález ; Fotografia de Russell Munson
260 ## - PUBLICAÇÃO, DISTRIBUIÇÃO, ETC.
Local de publicação, distribuição, etc. Rio de Janeiro
Nome do editor, distribuidor, etc. Nordica
Data da publicação, distribuição, etc. 1975
300 ## - DESCRIÇÃO FÍSICA
Extensão 148 p.
Outros detalhes físicos il.
520 ## - NOTA DE RESUMO, ETC.
Resumo, etc. Um dia, enquanto pensava sobre a vida, o ex-piloto da Força Aérea americana Richard Bach escutou uma voz misteriosa que começou a lhe contar a história de uma gaivota que queria voar mais alto e mais rápido. Impressionado com a inexplicável inspiração, Bach escreveu tudo o que ouviu. Ao final, tinha em mãos uma das obras mais populares e importantes das últimas décadas: Fernão Capelo Gaivota , uma aventura emocionante sobre liberdade, que influenciou, motivou e mudou para melhor a vida de milhões de pessoas no mundo todo.<br/><br/>Essa é uma história para pessoas que seguem seu coração e fazem suas próprias regras, pessoas que sentem um prazer especial em fazer algo bem, mesmo que apenas para si mesmas, pessoas que sabem que existe mais no mundo do que aquilo que se pode ver - elas estão lá, com Fernão, voando mais alto e mais rápido do que jamais sonharam.
650 #0 - ASSUNTO--TERMO TÓPICO
Cabeçalho tópico ou nome geográfico Literatura Americana
9 (RLIN) 84
650 #0 - ASSUNTO--TERMO TÓPICO
Cabeçalho tópico ou nome geográfico Espiritualidade
9 (RLIN) 16
650 #0 - ASSUNTO--TERMO TÓPICO
Cabeçalho tópico ou nome geográfico Filosofia
9 (RLIN) 4
650 #0 - ASSUNTO--TERMO TÓPICO
Cabeçalho tópico ou nome geográfico Animais
9 (RLIN) 59
650 #0 - ASSUNTO--TERMO TÓPICO
Cabeçalho tópico ou nome geográfico Auto Conhecimento
9 (RLIN) 19
650 #0 - ASSUNTO--TERMO TÓPICO
Cabeçalho tópico ou nome geográfico Filme
9 (RLIN) 26
655 #0 - TERMO DE ÍNDICE--GÊNERO E FORMA
Gênero/forma/ou termo foco Romance
655 #0 - TERMO DE ÍNDICE--GÊNERO E FORMA
Gênero/forma/ou termo foco Ficção
700 ## - ENTRADA ADICIONADA - NOME PESSOAL
Nome pessoal Antonio Ramos Rosa
Função do autor por extenso Tradutor
9 (RLIN) 104
700 ## - ENTRADA ADICIONADA - NOME PESSOAL
Nome pessoal Madalena Rosález
Função do autor por extenso Tradutor
9 (RLIN) 105
700 ## - ENTRADA ADICIONADA - NOME PESSOAL
Nome pessoal Russell Munson
Função do autor por extenso Fotografia
9 (RLIN) 106
942 ## - ELEMENTOS DE ENTRADA ADICIONADOS (KOHA)
Fonte de classificação ou esquema de arquivamento Classificação decimal de Dewey
Ocultar no OPAC Não
Tipo de material Koha Livros
Holdings
Situação do descarte Situação das perdas Fonte de classificação ou esquema de arquivamento Status danificado Não pode ser emprestado Coleção Biblioteca de origem Biblioteca atual Localização na estante Data de aquisição Fonte de aquisição Total de empréstimos Número de chamada completo Código de barras Data de último acesso Número do exemplar Data do preço efetivo Tipo de material Koha
    Classificação decimal de Dewey     Ficção Biblioteca Professor Eduardo Afonso de Castro Biblioteca Professor Eduardo Afonso de Castro Literatura Estrangeira 10.06.2003 doação   813 / B118h 2025-12223 20.01.2025 Ex. 01 20.01.2025 Livros
    Classificação decimal de Dewey     Ficção Biblioteca Professor Eduardo Afonso de Castro Biblioteca Professor Eduardo Afonso de Castro Literatura Estrangeira 16.03.2022 doação   813 / B118h 2025-16579 20.01.2025 Ex. 02 20.01.2025 Livros
    Classificação decimal de Dewey     Ficção Biblioteca Professor Eduardo Afonso de Castro Biblioteca Professor Eduardo Afonso de Castro Literatura Estrangeira 24.04.2013 doação   813 / B118h 2025-3108 20.01.2025 Ex. 03 20.01.2025 Livros
    Classificação decimal de Dewey     Ficção Biblioteca Professor Eduardo Afonso de Castro Biblioteca Professor Eduardo Afonso de Castro Literatura Estrangeira 03.01.2018 doação   813 / B118h 2025-16285 20.01.2025 Ex. 04 20.01.2025 Livros

Powered by Koha